Biggest Cities in the Northwestern Hemisphere - Statistics

General Stats
  • This quiz has been taken 80 times
  • The average score is 27 of 50
Answer Stats
Population City % Correct
3,976 k Los Angeles
99%
8,555 k Mexico City
97%
8,538 k New York City
97%
2,705 k Chicago
87%
2,732 k Toronto
86%
1,705 k Montreal
84%
2,303 k Houston
81%
8,754 k London
81%
1,318 k Dallas
80%
1,407 k San Diego
77%
3,166 k Madrid
71%
8,064 k Bogotá
70%
1,615 k Phoenix
70%
2,085 k Caracas
69%
1,501 k Guadalajara
66%
1,568 k Philadelphia
66%
2,130 k Havana
64%
1,174 k Monterrey
63%
1,415 k San José
60%
1,025 k San Jose
60%
1,493 k San Antonio
59%
1,127 k Birmingham
56%
1,239 k Calgary
56%
3,360 k Casablanca
53%
2,647 k Dakar
51%
2,480 k Medellín
51%
1,386 k Tijuana
50%
2,384 k Cali
49%
2,582 k Santo Domingo
49%
4,395 k Abidjan
46%
2,035 k Accra
46%
1,112 k Fes
44%
1,498 k Puebla
41%
1,034 k Managua
40%
1,557 k Valencia
40%
1,810 k Bamako
39%
1.224 k Barranquilla
37%
2,198 k Maracaibo
37%
1,398 k Ciudad Juárez
34%
1,661 k Conakry
34%
1,022 k Monrovia
34%
1,056 k Freetown
33%
2,389 k Ouagadougou
33%
1,278 k León
31%
1,052 k Tegucigalpa
29%
1,742 k Ecatepec
23%
2,070 k Kumasi
23%
1,071 k Barquisimeto
17%
1,203 k Zapopan
13%
1,158 k Nezahualcóyotl
10%
No matching quizzes found
Score Distribution
Percent of People with Each Score
Percentile by Number Answered
Your Score History
You have not taken this quiz